Be happy hungry! : (Record no. 296231)
[ view plain ]
| 000 -LEADER | |
|---|---|
| fixed length control field | 00609nam a22001817a 4500 |
| 003 - CONTROL NUMBER IDENTIFIER | |
| control field | SISC |
| 005 - DATE AND TIME OF LATEST TRANSACTION | |
| control field | 20241113170356.0 |
| 008 - FIXED-LENGTH DATA ELEMENTS--GENERAL INFORMATION | |
| fixed length control field | 160711b xxu||||| |||| 00| 0 eng d |
| 020 ## - INTERNATIONAL STANDARD BOOK NUMBER | |
| International Standard Book Number | 9786210200812 |
| 050 ## - LIBRARY OF CONGRESS CALL NUMBER | |
| Classification number | BF 637 |
| Item number | .So714 2016 |
| 082 ## - DEWEY DECIMAL CLASSIFICATION NUMBER | |
| Classification number | TR 158.1 |
| Item number | So714 2016 |
| 100 ## - MAIN ENTRY--PERSONAL NAME | |
| Personal name | Soriano, Edwin S. |
| 245 ## - TITLE STATEMENT | |
| Title | Be happy hungry! : |
| Remainder of title | 12 keys to being happy for who you are hungry for who you could be / |
| Statement of responsibility, etc | Edwin S. Soriano. |
| 260 ## - PUBLICATION, DISTRIBUTION, ETC. (IMPRINT) | |
| Place of publication, distribution, etc | Mandaluyong : |
| Name of publisher, distributor, etc | Wholeness in You Center, |
| Date of publication, distribution, etc | 2016. |
| 300 ## - PHYSICAL DESCRIPTION | |
| Extent | 146 pages : |
| Other physical details | illustrations ; |
| Dimensions | 22 cm. |
| 500 ## - GENERAL NOTE | |
| General note | Includes bibliographical resources. |
| 942 ## - ADDED ENTRY ELEMENTS (KOHA) | |
| Source of classification or shelving scheme | Library of Congress Classification |
| Koha item type | Books |
| Withdrawn status | Lost status | Source of classification or shelving scheme | Damaged status | Home library | Current library | Shelving location | Date acquired | Source of acquisition | Total Checkouts | Full call number | Barcode | Date last seen | Price effective from | Koha item type | Total Renewals | Date checked out |
|---|---|---|---|---|---|---|---|---|---|---|---|---|---|---|---|---|
| Library of Congress Classification | College Library | College Library | Filipiniana Section | 07/11/2016 | Library Fund | BF 637 .So714 2016 | C20596 | 05/08/2018 | 07/11/2016 | Books | ||||||
| Library of Congress Classification | College Library | College Library | Filipiniana Section | 07/11/2016 | Library Fund | BF 637 .So714 2016 | C20595 | 05/08/2018 | 07/11/2016 | Books | ||||||
| Library of Congress Classification | Luxembourg Library | Luxembourg Library | Filipiniana Section | 07/13/2016 | Library Fund | BF 637 .So714 2016 | 20271 | 07/25/2016 | 07/13/2016 | Books | ||||||
| Library of Congress Classification | Luxembourg Library | Luxembourg Library | Filipiniana Section | 07/13/2016 | Library Fund | 1 | BF 637 .So714 2016 | 20272 | 05/21/2018 | 07/13/2016 | Books | 10 | 11/29/2017 | |||
| Dewey Decimal Classification | Munich Library | Munich Library | Teachers Reference Section | 11/13/2024 | Library Fund | TR 158.1 So714 2016 | M7859 | 11/13/2024 | 11/13/2024 | Books | ||||||
| Dewey Decimal Classification | Munich Library | Munich Library | Teachers Reference Section | 11/13/2024 | Library Fund | TR 158.1 So714 2016 | M7858 | 11/13/2024 | 11/13/2024 | Books |